Central Library OPAC University of Rajshahi

Reconstruction and education in rural India in the light of the programme carried on at Sriniketan, the Institute of rural reconstruction founded by Rabindranath Tagore / (Record no. 60783)

MARC details
000 -LEADER
fixed length control field 00915nam a2200241 a 4500
001 - CONTROL NUMBER
control field 60783
003 - CONTROL NUMBER IDENTIFIER
rucl marc code BD-RjUL
005 - DATE AND TIME OF LATEST TRANSACTION
control field 20211209080900.0
008 - FIXED-LENGTH DATA ELEMENTS--GENERAL INFORMATION
fixed length control field 170104s1932 enk 000 0 eng d
035 ## - SYSTEM CONTROL NUMBER
System control number (BD-RjUL)60907
040 ## - CATALOGING SOURCE
Original cataloging agency BD-RjUL
Transcribing agency BD-RjUL
Modifying agency BD-RjUL
Language of cataloging eng
041 ## - LANGUAGE CODE
Language code of text/sound track or separate title eng
082 ## - DEWEY DECIMAL CLASSIFICATION NUMBER
Edition number 23
Classification number 370.0954
Author mark and year LAR 1932
100 1# - MAIN ENTRY--PERSONAL NAME
Personal name Lal, Prem Chand,
Dates associated with a name 1891-
9 (RLIN) 181525
245 10 - TITLE STATEMENT
Title Reconstruction and education in rural India in the light of the programme carried on at Sriniketan, the Institute of rural reconstruction founded by Rabindranath Tagore /
Statement of responsibility, etc. By Prem Chand Lal, with an introduction by Rabindranath Tagore.
260 ## - PUBLICATION, DISTRIBUTION, ETC. (IMPRINT)
Place of publication, distribution, etc. London,
Name of publisher, distributor, etc. G. Allen & Unwin ltd.
Date of publication, distribution, etc. 1932
300 ## - PHYSICAL DESCRIPTION
Pagination 262 p. ;
Size 22 cm.
650 #0 - SUBJECT ADDED ENTRY--TOPICAL TERM
Topical term or geographic name as entry element Education
Geographic subdivision Bengal(India)
9 (RLIN) 181526
Topical term or geographic name as entry element Rural surveys.
9 (RLIN) 181527
651 #0 - SUBJECT ADDED ENTRY--GEOGRAPHIC NAME
Geographic name Bengal (India)
General subdivision Social conditions.
9 (RLIN) 176388
700 ## - ADDED ENTRY--PERSONAL NAME
Personal name Tagore, Rabindranath
942 ## - ADDED ENTRY ELEMENTS (KOHA)
Source of classification or shelving scheme Dewey Decimal Classification
Koha item type Books
Holdings
Lost status Source of classification or shelving scheme Damaged status Not for loan Collection code Permanent Location Current Location Shelving location Date acquired Source of acquisition Cost, normal purchase price Total Checkouts Full call number Date last seen Copy number Koha item type
  Dewey Decimal Classification   Not For Loan Non-fiction Central Library, University of Rajshahi Central Library, University of Rajshahi Reading Room 17/02/1955 Rajshahi : U. B. D. 0.00   370.0954 LAR 1932 04/01/2017 C-1 Books